|
|
|
|
| LEADER |
00000nam0a2200000 4500 |
| 001 |
146528 |
| 005 |
20231101221231.0 |
| 010 |
|
|
|a 9785982274731
|
| 035 |
|
|
|a (RuTPU)RU\TPU\book\158827
|
| 090 |
|
|
|a 146528
|
| 100 |
|
|
|a 20081030d2008 m y0rusy50 ca
|
| 101 |
0 |
|
|a rus
|
| 102 |
|
|
|a RU
|
| 105 |
|
|
|a y j 000zy
|
| 200 |
1 |
|
|a Философия науки. На пути к единству науки
|e учебное пособие
|f В. Г. Борзенков
|
| 210 |
|
|
|a Москва
|c Университет
|d 2008
|
| 215 |
|
|
|a 320 с.
|
| 330 |
|
|
|a В пособии рассматривается широкий круг вопросов: от формирования философии науки в ее современном понимании, вопросов природы, структуры и динамики науки до важнейших вопросов философских оснований науки в делом, таких как причинность и телеология, наука и ценности, объяснение и понимание и др. Главная задача книги — показать, что пресловутый раскол двух культур (естественно-научной и гуманитарной) является сугубо историческим явлением, преодолеваемым в течение всего XX в. всем ходом развития как естественных, так и социально-гуманитарных наук. Основной материал взят из областей, связанных с исследованием феномена жизни (ее природы, происхождения и эволюции), а также феномена человека под углом зрения проблемы возможности (или невозможности) создания единой науки о человеке. Учебное пособие предназначено для изучающих и преподающих курс «История и философия науки», а также всех, кто интересуется данной проблематикой.
|
| 606 |
1 |
|
|a Философия науки
|2 stltpush
|3 (RuTPU)RU\TPU\subj\63888
|9 80820
|
| 610 |
1 |
|
|a методология
|
| 610 |
1 |
|
|a позитивизм
|
| 610 |
1 |
|
|a метафизика
|
| 610 |
1 |
|
|a динамика
|
| 610 |
1 |
|
|a социально-гуманитарные науки
|
| 610 |
1 |
|
|a детерминизм
|
| 610 |
1 |
|
|a причинность
|
| 610 |
1 |
|
|a законы
|
| 610 |
1 |
|
|a редукция
|
| 610 |
1 |
|
|a телеология
|
| 610 |
1 |
|
|a ценности
|
| 610 |
1 |
|
|a естествознание
|
| 610 |
1 |
|
|a естественные науки
|
| 610 |
1 |
|
|a натурализм
|
| 610 |
1 |
|
|a жизнь
|
| 610 |
1 |
|
|a живое
|
| 610 |
1 |
|
|a научные картины природы
|
| 610 |
1 |
|
|a человек
|
| 610 |
1 |
|
|a учебные пособия
|
| 686 |
|
|
|a Ю25я73
|v LBC/SL-A
|2 rubbk
|
| 700 |
|
1 |
|a Борзенков
|b В. Г.
|g Владимир Григорьевич
|
| 801 |
|
1 |
|a RU
|b 63413507
|c 20081030
|g PSBO
|
| 801 |
|
2 |
|a RU
|b 63413507
|c 20150616
|g PSBO
|
| 900 |
|
|
|a Философия науки
|
| 942 |
|
|
|c BK
|
| 951 |
|
|
|b 030100
|
| 959 |
|
|
|a 98/20081030
|d 2
|e 220,00
|f АНЛ:1
|f ЧЗГЛ:1
|